The United Nations Conference on the least developed countries (Record no. 11270)

000 -LEADER
fixed length control field 00476pab a2200145 454500
008 - FIXED-LENGTH DATA ELEMENTS--GENERAL INFORMATION
fixed length control field 180718b1983 xxu||||| |||| 00| 0 eng d
100 ## - MAIN ENTRY--PERSONAL NAME
Personal name Weiss, Thomas G.
245 ## - TITLE STATEMENT
Title The United Nations Conference on the least developed countries
Remainder of title The relevance of conference diplomacy in Paris - for international negotiations
260 ## - PUBLICATION, DISTRIBUTION, ETC.
Date of publication, distribution, etc. 1983
300 ## - PHYSICAL DESCRIPTION
Extent 649-75
362 ## - DATES OF PUBLICATION AND/OR SEQUENTIAL DESIGNATION
Dates of publication and/or sequential designation Autumn
650 ## - SUBJECT ADDED ENTRY--TOPICAL TERM
Topical term or geographic name entry element International Economic Relations
773 ## - HOST ITEM ENTRY
Main entry heading International Affairs
909 ## -
-- 11270
Holdings
Withdrawn status Lost status Damaged status Not for loan Permanent Location Current Location Date acquired Serial Enumeration / chronology Barcode Date last seen Price effective from Koha item type
        Indian Institute of Public Administration Indian Institute of Public Administration 2018-07-19 Volume no: 59, Issue no: 4 AR11311 2018-07-19 2018-07-19 Articles

Powered by Koha